Countries by a Single Clue #4 - Statistics

General Stats
  • This quiz has been taken 77,049 times
  • The average score is 13 of 20
Answer Stats
Clue Country % Correct
The only country whose name starts with Y Yemen
95%
Most populous country in Africa Nigeria
89%
Largest country in Africa by land area Algeria
87%
China thinks this country belongs to them Taiwan
87%
Its official languages are French, Dutch, and German Belgium
84%
Northernmost of the three Baltic Republics Estonia
84%
The only country where it is possible for a wild lion to meet a wild tiger India
81%
Only Dutch-speaking country in South America Suriname
78%
Easternmost country on the African mainland Somalia
76%
Contains most of the ancient region of Mesopotamia Iraq
72%
Became independent from Indonesia in 2002 East Timor
69%
Oceanic country named for a Biblical king Solomon Islands
66%
Its capital is located on the Caspian Sea Azerbaijan
56%
The birthplace of Pope John Paul II Poland
56%
Hosted and won the first football FIFA World Cup Uruguay
54%
Celebrated "Death to America Day" on November 4, 1987 Iran
51%
Located on the Mid-Atlantic ridge Iceland
44%
Its capital lies on the Dnieper river Ukraine
43%
Where the dance-fitness routine called "Zumba" was created Colombia
38%
Ruled by King Sobhuza from 1899–1982 Eswatini
18%
No matching quizzes found
Score Distribution
Percent of People with Each Score
Percentile by Number Answered
Your Score History
You have not taken this quiz